00238nam a2200097Ia 4500001000800000005001700008008004100025020001800066245003700084260001900121127599120260417160438.0260417s9999 xx 000 0 und d a9786257587570 0aKayıp KitapçıcKatie Clapham bKetebe Çocuk